000 00704cam a2200229 a 4500
001 1509493
005 20180301071013.0
008 890301s1990 nhu b 000 0 eng
010 _a 89031484
020 _a0435084968
040 _aDLC
_cDLC
_dDLC
041 _aeng
080 _a808.042071273 NEW
082 0 0 _a808.042071273 NEW
_220
100 _a25
101 _aEDU
245 0 0 _aTo compose :
_cedited by Thomas Newkirk.
504 _aIncludes bibliographies.
906 _a7
_bcbc
_corignew
_d1
_eocip
_f19
_gy-gencatlg
942 _2ddc
_cBK
999 _c43825
_d43825